LEADER 02426nam0 22004093i 450 001 BVEE041365 005 20170908093222.0 012 $aisut e.as t,is ca** (3) 1603 (R)$2fei$9Caratteri greci 100 $a20130114d1603 ||||0itac50 ba 101 | $alat$agre 102 $ade 181 1$6z01$ai $bxxxe 182 1$6z01$an 200 1 $aAdagia optimorum vtriusque linguæ scriptorum omnia, quæcunque ad hanc vsque diem exierunt. Pauli Manutii studio atque industria, ... 210 $aUrsellis$cex officina Cornelii Sutorii, impensis Lazari Zetzneri, bibliop.$d1603 215 $a[8], 1414, [106] p.$d8º 300 $aFront. stampato in rosso e nero 300 $aMarca non controllata (busto di Minerva: Scientia immutabilis) sul front 300 $aCors. ; gr. ; rom 300 $aSegn.: )(⁴ A-5C⁸. 316 $a1 v. - Timbro rosso RB sul front. - Note ms non leggibili sulla carta di guardia. - Legatura in pergamena$5IT-NA0079, SALA FARN.42. E 56 620 $dOberursel$3BVEL002508 700 1$aManuzio$b, Paolo$3CUBV059174$4070$0327584 712 02$aSutor, Cornelius$3BVEV017504$4650 712 02$aZetzner, Lazarus$3BVEV020405$4650 790 1$aMannuccius$b, Paullus$3NAPV076771$zManuzio, Paolo 791 02$aZetzner, Lazare$3BVEV132032$zZetzner, Lazarus 801 3$aIT$bIT-NA0079$c20130114 850 $aIT-NA0079 899 1$aBiblioteca Nazionale Vittorio Emanuele III$bNA0079$41 esemplare$eS$uhttp://books.google.com/books?vid=IBNN:BNA01001467167 912 $aBVEE041365 921 $aSBNM000001$bMarca non controllata$cS2 950 0$aBiblioteca Nazionale Vittorio Emanuele III$c1 v.$d BNSALA FARN.42. E 56$e BNA010014671675 B 1 v. - Timbro rosso RB sul front. - Note ms non leggibili sulla carta di guardia. - Legatura in pergamena$fC $h20130114$i20130114$lTimbro rosso RB sul front.$mTimbri storici della biblioteca proprietaria$lNote ms non leggibili sulla carta di guardia$mNote, dedica, postille e note di possesso manoscritte 956 $aBiblioteca Nazionale Vittorio Emanuele III$b1$cBNTD$d $eBNA01001467167$uhttp://books.google.com/books?vid=IBNN:BNA01001467167$z BNSALA FARN.42. E 56 977 $a BN 996 $aAdagia optimorum vtriusque linguæ scriptorum omnia, quæcunque ad hanc vsque diem exierunt. Pauli Manutii studio atque industria, ..$91481488 997 $aUNISANNIO LEADER 01557nam 2200421 450 001 000015984 005 20050718115600.0 010 $a0-8247-7325-X 100 $a20030828d1985----km-y0itay0103----ba 101 0 $aeng 102 $aUS 200 1 $aChaos, fractals, and dynamics$fedited by P. Fischer, William R. Smith 210 $aNew York ; Basel$cMarcel Dekker$dc1985 215 $aVIII, 261 p.$d26 cm. 225 2 $aLecture notes in pure and applied mathematics$v98 410 0$12001$aLecture notes in pure and applied mathematics 606 $aSistemi dinamici 606 $aFrattali 676 $a515.352$v(21. ed.)$9Analisi. Equazioni differenziali ordinarie 691 $a65P20$9Numerical analysis. Numerical problems in dynamical systems. Numerical chaos 691 $a28A80$9Classical measure theory. Fractals 691 $a37-XX$9Dynamical systems and ergodic theory 702 1$aFischer,$bP. 702 1$aSmith,$bWilliam R. 801 0$aIT$bUniversit della Basilicata - B.I.A.$gRICA$2unimarc 912 $a000015984 996 $aChaos, fractals, and dynamics$982193 997 $aUNIBAS BAS $aMONSCI BAS $aSCIENZE CAT $aEXT002$b01$c20030828$lBAS01$h1306 CAT $c20050601$lBAS01$h1755 CAT $abatch$b01$c20050718$lBAS01$h1052 CAT $c20050718$lBAS01$h1112 CAT $c20050718$lBAS01$h1142 CAT $c20050718$lBAS01$h1156 FMT Z30 -1$lBAS01$LBAS01$mBOOK$1BASA2$APolo Tecnico-Scientifico$2GEN$BCollezione generale$3MAT$663380$5S63380$820030828$f51$FRiservati